01120nam a2200157 a 4500008004100000020001800041041000800059100001800067245003300085250001100118260003800129300001100167500007200178505069700250655001500947180528e2010 ag ||||g |||| 00| f spa d a9789875665521 aspa1 aWood, Barbara 3aLa profetisa /cBarbara Wood a1a ed. aBuenos Aires:bDebolsillo;c2010. a407 p. aWood, B. (2010). La profetisa. (1a ed.). Buenos Aires : Debolsillo. aA las puertas del nuevo milenio, la arqueóloga Catherine Alexander descubre en el Sinaí seis papiros escritos en el siglo I d.C, en los que se menciona el nombre de Jesús y que contiene unas revelaciones inquietantes, de un valor histórico y espiritual incalculable. Pronto se propaga la noticia del hallazgo, y desde ese mismo momento a Catherine no le quedará otro remedio que huir. Con la ayuda de otro arqueólogo y de un sacerdote con el que establece una ambigua relación, emprenderá una carrera contrarreloj para tratar de preservar los manuscritos de la codicia de gobiernos, coleccionistas sin escrúpulos y la propia iglesia, que ve temblar sus propios fundamentos.  aLiteratura